000 00385 a2200145 4500
040 _aDLC
_bDLC
082 _a891.4391
100 _aTabish Kamal
245 _aSham pae bin sham
_cTabish Kamal
260 _aRawalpindi.
_bKamal Publications;
_c2002.
300 _a128p.
_c24cm.
500 _a Includes Index
650 _a Urdu Literature (Punjabi poetry)
942 _cBK
_k891.4391 TAB
_2ddc
999 _c8863
_d8863